000 00476nam a2200181Ia 4500
001 5266
005 20260306145855.0
008 260306t2014||||xx |||||||||||||| ||spa||
041 _aESP
082 _a338.5
_bC78
100 _aCorchuelo Martínez-Azúa, María Beatriz
_eAUT
245 0 _aLecciones de microeconomía:
_bproducción, costes y mercados
260 _c2014
300 _a436 páginas :
_c24 cm.
650 _aGEN
654 _aCAN
942 _cLIB
_dJUS
_fJUS
_2ddc
_n
999 _c5266
_d5266